| 000 | 00670nam a22002057a 4500 | ||
|---|---|---|---|
| 999 |
_c87628 _d87628 |
||
| 005 | 20230302134257.0 | ||
| 010 | _aENG-110610 ENG-136285 | ||
| 020 |
_a9789350533420 _c1000.00 |
||
| 035 | _aEN-94142 EN-119817 | ||
| 037 | _bDBAD/PUB | ||
| 082 | _a330.9 | ||
| 100 | _aJhala, S.J. | ||
| 245 |
_aHistory of evolution in economic geography / _cby S.J. Jhala [and] Y.M. Chudasma |
||
| 260 |
_aNew Delhi _bCyber Tech Publications _c2014 |
||
| 270 |
_bNew Delhi _a4264/3, Ansari Road, Daryaganj _e110002 |
||
| 300 |
_axii,264p. _c22cm(Hb) |
||
| 500 | _aIncludes bibliographical references | ||
| 700 | _aChudasma, Y.M. | ||
| 942 |
_2ddc _cEN _mJHA _h330.9 |
||